000 00439nam a2200169 a 4500
001 156
003 CO-ViMGA
008 141112s2004 ck r 000 u spa d
040 _aCO-ViMGA
_bspa
_cCO-ViMGA
082 0 4 _aKASe
100 1 _aKasza, Keiko
_92872
245 1 0 _aEl estofado del lobo /
_cKeiko Kasza
260 _aSantafé de Bogotá :
_bNorma,
_c1993
300 _a30 p : il
650 1 4 _aCUENTOS INFANTILES
_92743
942 _2ddc
_cBK
999 _c12405
_d12405